00626nam a22001697a 450000500170000001000130001702000260003003500120005603700130006808200080008110000390008924501150012824600750024326000530031827000590037130000260043020230822110956.0 aUR-12145 a9789395400282c250.00 aU-10700 bDBAD/PUB a844 aعبد الو دود انصا ری aہند وستانی خواتین کی اردو ساءینسی خدمات /cعبد الو دود انصا ری aHindustani khawatin ki urdu sciency khidmaat /bby Abdul Wadood Ansari aNew DelhibEducational Publishing Housec2022 ء aH.O. D1/16, Ansari Road, Darya GanjbNew Delhie110002 a116 صc23cm(Hb)